[Event "Olomouc Chess Summer 2013 - Valoz Cup"]
[Site "?"]
[Date "2013.08.03"]
[Round "4.1"]
[White "Mirzoev, Azer"]
[Black "Cerveny, Petr"]
[Result "1-0"]
[WhiteElo "2536"]
[BlackElo "2285"]
[PlyCount "115"]
[EventDate "2013.??.??"]

1. d4 e6 2. Nf3 Nf6 3. c4 Bb4+ 4. Nbd2 b6 5. a3 Bxd2+ 6. Bxd2 h6 7. Bf4 Bb7 8.
h3 c5 9. e3 cxd4 10. Nxd4 a6 11. Nf3 d5 12. Be2 O-O 13. cxd5 Bxd5 14. O-O Nc6
15. Rc1 b5 16. Ne5 Rc8 17. Nxc6 Rxc6 18. Rxc6 Bxc6 19. Qxd8 Rxd8 20. Rc1 Bb7
21. Rd1 Rxd1+ 22. Bxd1 Kf8 23. Bd6+ Ke8 24. Be5 Kd7 25. Bc2 Ne8 26. Bc3 f6 27.
f3 Nd6 28. Kf2 e5 29. Bb4 Bd5 30. h4 Bf7 31. a4 Bc4 32. h5 bxa4 33. Bxa4+ Ke6
34. Bc2 Bb5 35. g4 Nc4 36. Bf5+ Kf7 37. Bg6+ Kg8 38. b3 Nb2 39. Kg3 Bd3 40. Ba3
Bxg6 41. hxg6 Nd3 42. Bd6 a5 43. Ba3 Nb4 44. Bxb4 axb4 45. Kf2 Kf8 46. Ke2 e4
47. fxe4 Ke7 48. Kd3 Kd6 49. Kc4 Ke5 50. Kxb4 Kxe4 51. Kc3 f5 52. gxf5 Kxf5 53.
b4 Ke4 54. Kc4 h5 55. b5 Ke5 56. b6 Kd6 57. Kb5 h4 58. Ka6 1-0

[Event "Olomouc Chess Summer 2013 - Valoz Cup"]
[Site "?"]
[Date "2013.08.03"]
[Round "4.2"]
[White "Simacek, Pavel"]
[Black "Akkozov, Berik"]
[Result "1-0"]
[WhiteElo "2468"]
[BlackElo "2377"]
[PlyCount "63"]
[EventDate "2013.??.??"]

1. e4 c5 2. Nf3 d6 3. d4 Nf6 4. Nc3 cxd4 5. Nxd4 a6 6. Be2 e5 7. Nb3 Be7 8. Be3
Be6 9. Nd5 Nxd5 10. exd5 Bf5 11. O-O O-O 12. f4 exf4 13. Bxf4 Bg6 14. Bd3 Bf6
15. Bxg6 hxg6 16. c3 Nd7 17. Kh1 Be5 18. Qd2 Rc8 19. Rae1 Rc4 20. Bg5 Bf6 21.
Bf4 Ne5 22. Qe2 Ra4 23. Nc1 b5 24. b3 Ra3 25. Qe4 Qa5 26. Bd2 Rc8 27. Re2 Nd7
28. c4 b4 29. Qg4 Rd8 30. Nd3 Bc3 31. Bxc3 bxc3 32. Rxf7 1-0

[Event "Olomouc Chess Summer 2013 - Valoz Cup"]
[Site "?"]
[Date "2013.08.03"]
[Round "4.4"]
[White "Krejci, Jan"]
[Black "Narayanan, Srinath"]
[Result "1/2-1/2"]
[WhiteElo "2521"]
[BlackElo "2475"]
[PlyCount "24"]
[EventDate "2013.??.??"]

1. d4 Nf6 2. c4 g6 3. Nc3 Bg7 4. g3 O-O 5. Bg2 d6 6. Nf3 c6 7. O-O Qb6 8. b3 e5
9. h3 e4 10. Ne1 d5 11. Ba3 Re8 12. Nc2 Na6 1/2-1/2

[Event "Olomouc Chess Summer 2013 - Valoz Cup"]
[Site "?"]
[Date "2013.08.03"]
[Round "4.5"]
[White "Rzayev, Bahruz"]
[Black "Bures, Jaroslav"]
[Result "0-1"]
[WhiteElo "2429"]
[BlackElo "2379"]
[PlyCount "104"]
[EventDate "2013.??.??"]

1. Nf3 Nf6 2. c4 e6 3. g3 b6 4. Bg2 Bb7 5. O-O c5 6. b3 d5 7. cxd5 Nxd5 8. Bb2
Nd7 9. d3 Rc8 10. e4 Nb4 11. a3 Nc6 12. Nbd2 Qc7 13. Nc4 Ba6 14. h4 Rd8 15. Qc1
b5 16. Ne3 Nde5 17. Ne1 Nxd3 18. Nxd3 Rxd3 19. Qc2 Rxe3 20. fxe3 Qxg3 21. e5
Qxe3+ 22. Kh1 Bb7 23. Rf3 Nb4 24. Rxe3 Nxc2 25. Bxb7 Nxe3 26. Bc6+ Kd8 27. Bxb5
Be7 28. b4 Nd5 29. bxc5 Bxc5 30. Rc1 Bb6 31. a4 f5 32. exf6 gxf6 33. Bc4 Ke7
34. Rf1 Rc8 35. Bxd5 exd5 36. Bxf6+ Ke6 37. Bg5 d4 38. Rf6+ Kd5 39. a5 Bc5 40.
Rf7 h5 41. Rh7 d3 42. Rxh5 Ke4 43. Rh7 Re8 44. Kg2 Be3 45. Rd7 Bxg5 46. hxg5
Ke3 47. Kf1 d2 48. g6 Re6 49. a6 Rf6+ 50. Kg2 Rxg6+ 51. Kf1 Rf6+ 52. Kg2 Rf4
0-1

[Event "Olomouc Chess Summer 2013 - Prima Pack "]
[Site "?"]
[Date "2013.08.03"]
[Round "4.1"]
[White "Kubik, Michael"]
[Black "Jurek, Josef"]
[Result "1-0"]
[WhiteElo "2154"]
[BlackElo "2278"]
[PlyCount "65"]
[EventDate "2013.??.??"]

1. e4 c6 2. d4 d5 3. e5 Bf5 4. Nf3 e6 5. Be2 c5 6. O-O Nc6 7. Be3 cxd4 8. Nxd4
Nge7 9. f4 Nxd4 10. Bxd4 Nc6 11. c3 Be7 12. g4 Bxb1 13. Rxb1 O-O 14. Qd3 f6 15.
exf6 gxf6 16. Be3 Qd6 17. g5 fxg5 18. fxg5 Qe5 19. g6 hxg6 20. Bh6 Rf5 21. Bg4
Bd6 22. Qc2 Bc5+ 23. Kg2 Kh7 24. Bxf5 gxf5 25. Rbe1 Qf6 26. Be3 Bd6 27. Kh1 Rg8
28. Rg1 Qh4 29. Bd4 Qf4 30. Rxg8 Nxd4 31. Qg2 Qxh2+ 32. Qxh2+ Bxh2 33. cxd4 1-0

[Event "Olomouc Chess Summer 2013 - Prima Pack "]
[Site "?"]
[Date "2013.08.03"]
[Round "4.3"]
[White "Obsivac, Josef"]
[Black "Wiley, Tom E"]
[Result "1-0"]
[WhiteElo "2298"]
[BlackElo "2256"]
[PlyCount "85"]
[EventDate "2013.??.??"]

1. c4 Nf6 2. Nf3 e6 3. d4 b6 4. g3 Ba6 5. b3 b5 6. Bg2 bxc4 7. Ne5 Bb4+ 8. Bd2
cxb3 9. Bxb4 b2 10. Nc3 bxa1=Q 11. Qxa1 d5 12. Qc1 c6 13. Qg5 Rg8 14. O-O h6
15. Qd2 Nfd7 16. f4 f6 17. Ng6 Bc4 18. Bf3 Nb6 19. f5 Na6 20. Be7 Qd7 21. Bh5
Qc7 22. fxe6 Nc8 23. Ba3 Nd6 24. Ne5+ Ke7 25. Ng6+ Kd8 26. Qf4 Nb5 27. e7+ Kc8
28. Nxb5 cxb5 29. Bd6 Qc6 30. Nf8 Kb7 31. Rf3 Nc7 32. Bc5 Ne6 33. Nxe6 Qxe6 34.
Re3 Qd7 35. Bf7 Rh8 36. a3 Rab8 37. Re6 Rhe8 38. Qe3 Rbc8 39. Bb4 Ra8 40. Bc5
Rac8 41. Qd2 Rxc5 42. dxc5 Rxe7 43. c6+ 1-0

[Event "Olomouc Chess Summer 2013 - Prima Pack "]
[Site "?"]
[Date "2013.08.03"]
[Round "4.4"]
[White "Dobes, Vojtech"]
[Black "Kholopov, Alexander A"]
[Result "0-1"]
[WhiteElo "2106"]
[BlackElo "2310"]
[PlyCount "106"]
[EventDate "2013.??.??"]

1. e4 c5 2. Nf3 Nc6 3. d4 cxd4 4. Nxd4 Qb6 5. Nb3 Nf6 6. Nc3 e6 7. Bd3 d6 8.
O-O a6 9. Qe2 Be7 10. Kh1 Qc7 11. Bd2 b5 12. a4 b4 13. Nd1 O-O 14. Ne3 a5 15.
f4 Bb7 16. c3 Rfe8 17. Rfc1 Qd8 18. c4 Bf8 19. Nc2 Rc8 20. Be3 Nb8 21. Bg1 g6
22. Ncd4 e5 23. fxe5 Rxe5 24. Nd2 Nbd7 25. N4f3 Re8 26. Re1 Nc5 27. Bxc5 Rxc5
28. Qf2 Bh6 29. Rad1 Rh5 30. Nf1 Bf4 31. Qd4 Be5 32. Nxe5 Rhxe5 33. Ng3 h5 34.
Kg1 h4 35. Nf1 Bxe4 36. Bxe4 Nxe4 37. Nd2 Nxd2 38. Rxe5 Rxe5 39. Qxd2 Qf6 40.
h3 Qe6 41. b3 Re2 42. Qxd6 Qe3+ 43. Kh1 Qxb3 44. c5 Qg3 45. Qd8+ Kg7 46. Qd4+
f6 47. Rg1 Rc2 48. Qd7+ Kh6 49. Qd8 Qf2 50. c6 Rxc6 51. Qxa5 b3 52. Qb4 b2 53.
Qe4 Rc1 0-1

[Event "Olomouc Chess Summer 2013 - Open Olomou"]
[Site "?"]
[Date "2013.08.03"]
[Round "3.1"]
[White "Dauletova, Gulmira"]
[Black "Plat, Vojtech"]
[Result "0-1"]
[WhiteElo "2266"]
[BlackElo "2470"]
[PlyCount "140"]
[EventDate "2013.??.??"]

1. e4 c5 2. Nf3 Nc6 3. d4 cxd4 4. Nxd4 g6 5. Nc3 Bg7 6. Be3 Nf6 7. Bc4 Qa5 8.
O-O Qb4 9. Bb3 Nxe4 10. Nxe4 Nxd4 11. Bxf7+ Kxf7 12. Ng5+ Kg8 13. c3 Qb5 14.
cxd4 h6 15. a4 Qd5 16. Qf3 Qxf3 17. Nxf3 d6 18. Rfc1 Bg4 19. Rc7 Kf7 20. Re1
Bf6 21. Bf4 Rhd8 22. Rxb7 g5 23. Bd2 Rdb8 24. Rxb8 Rxb8 25. Bc3 Rc8 26. Nd2 d5
27. h3 Bd7 28. a5 g4 29. hxg4 Bxg4 30. Nf1 h5 31. Ne3 Be6 32. Ra1 h4 33. Ra4
Bg5 34. Rb4 Rg8 35. Kf1 Bxe3 36. fxe3 Bf5 37. Be1 Rg4 38. Rb7 a6 39. Bb4 Bd3+
40. Kf2 Be4 41. Rxe7+ Kf6 42. Ra7 Rxg2+ 43. Ke1 h3 44. Bd6 Bd3 45. Be5+ Ke6 46.
Ra8 h2 47. Rh8 Rg1+ 48. Kd2 h1=Q 49. Rxh1 Rxh1 50. Kxd3 Rh7 51. Kc3 Kf5 52. b4
Rb7 53. Bd6 Ke4 54. Kd2 Rg7 55. Bc5 Rg1 56. Kc3 Kxe3 57. Kc2 Ke4 58. Kc3 Rc1+
59. Kb2 Rc4 60. Kb3 Kd3 61. Bb6 Rc3+ 62. Kb2 Kc4 63. Bc5 Rb3+ 64. Ka2 Rxb4 65.
Ka3 Rb3+ 66. Ka2 Rd3 67. Kb2 Rxd4 68. Bb6 Rd2+ 69. Kc1 Rh2 70. Bc7 Rg2 0-1

[Event "Olomouc Chess Summer 2013 - Open Olomou"]
[Site "?"]
[Date "2013.08.03"]
[Round "3.2"]
[White "Johansson, Jan"]
[Black "Stachanczyk, Jacek"]
[Result "1/2-1/2"]
[WhiteElo "2394"]
[BlackElo "2227"]
[PlyCount "74"]
[EventDate "2013.??.??"]

1. d4 d5 2. c4 c6 3. Nf3 Nf6 4. Qb3 dxc4 5. Qxc4 Bf5 6. g3 Nbd7 7. Bg2 e6 8.
O-O Be7 9. Nc3 O-O 10. Re1 Ne4 11. e3 Rb8 12. Nd2 Nxd2 13. Bxd2 Bg6 14. Qe2 Nf6
15. e4 Qxd4 16. Be3 Qb4 17. Bxa7 Ra8 18. Be3 Nd7 19. Rad1 Rfd8 20. Rd4 Qa5 21.
Red1 Nf6 22. Ra4 Qc7 23. Rxa8 Rxa8 24. Bf4 e5 25. Be3 Rd8 26. Rc1 Qa5 27. h3
Nd7 28. a3 f6 29. h4 Bf7 30. Bh3 Nf8 31. Kg2 Ne6 32. Qe1 Qa6 33. Kh1 Nd4 34.
Bf1 Qa8 35. Kg2 Qc8 36. f3 Qe6 37. Qf2 Qb3 1/2-1/2

[Event "Olomouc Chess Summer 2013 - Open Olomou"]
[Site "?"]
[Date "2013.08.03"]
[Round "3.3"]
[White "Kelkar, Abhishek"]
[Black "Kanovsky, David"]
[Result "1/2-1/2"]
[WhiteElo "2244"]
[BlackElo "2391"]
[PlyCount "47"]
[EventDate "2013.??.??"]

1. e4 c5 2. Nf3 e6 3. d4 cxd4 4. Nxd4 a6 5. Bd3 d6 6. O-O g6 7. b3 Bg7 8. Bb2
Nf6 9. Nd2 O-O 10. N4f3 Nc6 11. c4 e5 12. Re1 Nh5 13. Nf1 Nf4 14. Ne3 b6 15.
Qd2 Nd4 16. Bxd4 exd4 17. Nc2 Bh6 18. Qd1 Bg4 19. Rb1 Bg7 20. h3 Bh5 21. Bf1 f5
22. exf5 Bxf3 23. Qxf3 Rxf5 24. Qe4 1/2-1/2

[Event "Olomouc Chess Summer 2013 - Open Olomou"]
[Site "?"]
[Date "2013.08.03"]
[Round "3.4"]
[White "Sabuk, Piotr"]
[Black "Pasiev, Rakhim"]
[Result "1/2-1/2"]
[WhiteElo "2239"]
[BlackElo "2376"]
[PlyCount "71"]
[EventDate "2013.??.??"]

1. d4 Nf6 2. c4 d6 3. Nc3 Nbd7 4. Nf3 e5 5. g3 c6 6. Bg2 Be7 7. O-O O-O 8. e4
Re8 9. Qc2 Bf8 10. Rd1 Qc7 11. h3 a6 12. Be3 b6 13. Rac1 Bb7 14. b4 Qb8 15. d5
c5 16. b5 a5 17. Ne1 g6 18. Nd3 Bg7 19. Rf1 Qd8 20. Kh2 Bc8 21. Qd2 Nh5 22. g4
Nhf6 23. f4 exf4 24. Bxf4 Ne5 25. Nxe5 dxe5 26. Bg5 h6 27. Be3 g5 28. Ne2 Rf8
29. Ng3 Ne8 30. Rf3 Nd6 31. Bf1 f6 32. Bd3 Bd7 33. Rh1 Be8 34. Kg1 Qd7 35. Rf2
Kf7 36. Qe2 1/2-1/2

[Event "Olomouc Chess Summer 2013 - Open Olomou"]
[Site "?"]
[Date "2013.08.03"]
[Round "3.6"]
[White "Dukaczewski, Piotr"]
[Black "Kireev, Aleksei"]
[Result "1/2-1/2"]
[WhiteElo "2233"]
[BlackElo "2337"]
[PlyCount "109"]
[EventDate "2013.??.??"]

1. e4 d6 2. d4 g6 3. Nc3 c6 4. f4 d5 5. e5 h5 6. Nf3 Nh6 7. Be3 Bg4 8. h3 Nf5
9. Bf2 Bxf3 10. Qxf3 h4 11. Bd3 e6 12. O-O Be7 13. Ne2 Nd7 14. b3 Kf8 15. c4 a5
16. Rfc1 Kg7 17. Kh2 Qb6 18. c5 Qa7 19. Nc3 b6 20. cxb6 Nxb6 21. Qd1 Rac8 22.
Rc2 Qd7 23. Ne2 Ra8 24. Rac1 Ba3 25. Rb1 Be7 26. Ng1 Qb7 27. Nf3 Nd7 28. Bxf5
gxf5 29. Qe1 Qb4 30. Rxc6 Nf8 31. Qe3 Ng6 32. Rbc1 Qa3 33. R1c2 a4 34. Rb6 Rhb8
35. Rxb8 Rxb8 36. bxa4 Qxa4 37. Re2 Rb1 38. g3 hxg3+ 39. Bxg3 Qd1 40. Ng1 Bh4
41. Rg2 Bxg3+ 42. Kxg3 Rb4 43. Nf3 Qb1 44. Qe2 Rc4 45. Qd2 Ra4 46. Qc2 Qxc2 47.
Rxc2 Ra3 48. h4 Nxh4 49. Kxh4 Rxf3 50. Kg5 Rg3+ 51. Kh5 Rd3 52. Rg2+ Kf8 53.
Kg5 Kg7 54. Kh5+ Kf8 55. Kg5 1/2-1/2

[Event "Olomouc Chess Summer 2013 - Open Olomou"]
[Site "?"]
[Date "2013.08.03"]
[Round "3.7"]
[White "Balacek, Tadeas"]
[Black "Maryasin, Boris"]
[Result "1/2-1/2"]
[WhiteElo "2220"]
[BlackElo "2332"]
[PlyCount "43"]
[EventDate "2013.??.??"]

1. d4 d5 2. c4 dxc4 3. Nf3 Nf6 4. e3 b5 5. a4 b4 6. Bxc4 e6 7. b3 Bb7 8. Bb2
Be7 9. O-O O-O 10. Qe2 c5 11. Rd1 Nbd7 12. Nbd2 Rc8 13. Rac1 cxd4 14. Bxd4 Bc5
15. Bb2 Qc7 16. Ba6 Nd5 17. Bxb7 Qxb7 18. Nc4 Rfd8 19. Nfe5 Nxe5 20. Bxe5 f6
21. Bb2 Bf8 22. Qg4 1/2-1/2

[Event "Olomouc Chess Summer 2013 - Open Olomou"]
[Site "?"]
[Date "2013.08.03"]
[Round "3.8"]
[White "Schmid, Thomas"]
[Black "Jasny, Stanislav"]
[Result "1-0"]
[WhiteElo "2197"]
[BlackElo "2311"]
[PlyCount "83"]
[EventDate "2013.??.??"]

1. e4 c5 2. Nf3 d6 3. Bb5+ Nd7 4. c3 Ngf6 5. Qe2 e6 6. O-O Be7 7. d4 a6 8. Bd3
e5 9. a4 O-O 10. Rd1 Qc7 11. Nbd2 cxd4 12. cxd4 exd4 13. Nxd4 Ne5 14. Bb1 Re8
15. Nf1 d5 16. exd5 Bg4 17. f3 Bc5 18. Be3 Bh5 19. Ba2 Rad8 20. Rac1 Qb6 21.
Rxc5 Qxc5 22. Ne6 Qa5 23. Nxd8 Rxd8 24. Rd4 Ned7 25. Qd2 Qxd2 26. Bxd2 Bg6 27.
Bb4 Rc8 28. Bc3 Ne8 29. Ne3 Nd6 30. Nc4 Nf5 31. Rd2 b5 32. axb5 axb5 33. Na5
Ra8 34. Bb3 Nc5 35. Bc2 Na4 36. Bxa4 bxa4 37. d6 Nxd6 38. Rxd6 h5 39. Nc6 Kh7
40. Bb4 Re8 41. Kf2 Bc2 42. Rd8 1-0

[Event "Olomouc Chess Summer 2013 - Open Olomou"]
[Site "?"]
[Date "2013.08.03"]
[Round "3.9"]
[White "Sochorova, Petra"]
[Black "Kazakov, Konstantin"]
[Result "0-1"]
[WhiteElo "2195"]
[BlackElo "2307"]
[PlyCount "82"]
[EventDate "2013.??.??"]

1. e4 e6 2. d4 d5 3. e5 c5 4. Nf3 cxd4 5. Nbd2 Nc6 6. Nb3 Qc7 7. Nbxd4 Nxd4 8.
Qxd4 Qxc2 9. Bb5+ Bd7 10. Bxd7+ Kxd7 11. Be3 Qc4 12. Qxc4 dxc4 13. Ng5 Nh6 14.
Ke2 Be7 15. Rhd1+ Ke8 16. Ne4 Nf5 17. Rac1 Nxe3 18. Kxe3 Rc8 19. b3 f5 20. Nd6+
Bxd6 21. Rxd6 Ke7 22. bxc4 Rc5 23. f4 Rhc8 24. Kd3 Ra5 25. Rc2 Ra3+ 26. Kd2 Rc5
27. Rd3 Ra4 28. Rb3 b6 29. Kd3 Kd7 30. g3 Kc6 31. a3 Rca5 32. Rcc3 Kc5 33. Rb5+
Rxb5 34. cxb5+ Kxb5 35. Rc7 Rxa3+ 36. Kd4 a5 37. Rxg7 a4 38. Re7 Rb3 39. Rxe6
a3 40. Re8 Rb4+ 41. Kc3 Ra4 0-1

[Event "Olomouc Chess Summer 2013 - Open Olomou"]
[Site "?"]
[Date "2013.08.03"]
[Round "3.11"]
[White "Zdrazil, Tomas"]
[Black "Pogan, Nikolas"]
[Result "1/2-1/2"]
[WhiteElo "2048"]
[BlackElo "2284"]
[PlyCount "44"]
[EventDate "2013.??.??"]

1. e4 e6 2. d4 d5 3. Nd2 Nf6 4. e5 Nfd7 5. Bd3 c5 6. c3 Nc6 7. Ne2 Qb6 8. Nf3
cxd4 9. cxd4 f6 10. exf6 Nxf6 11. O-O Bd6 12. Nc3 O-O 13. a3 Bd7 14. Re1 Rac8
15. Be3 Na5 16. Ne5 Be8 17. Qf3 Nb3 18. Rad1 Bh5 19. Qh3 Bxa3 20. g4 Rxc3 21.
bxc3 Be8 22. Rb1 a5 1/2-1/2

[Event "Olomouc Chess Summer 2013 - Open Olomou"]
[Site "?"]
[Date "2013.08.03"]
[Round "3.12"]
[White "Blazeka, Matej"]
[Black "Starek, Stanislav"]
[Result "1-0"]
[WhiteElo "2282"]
[BlackElo "2094"]
[PlyCount "129"]
[EventDate "2013.??.??"]

1. e4 c5 2. Nf3 d6 3. d4 cxd4 4. Nxd4 Nf6 5. f3 e5 6. Nb3 Be6 7. c4 Nbd7 8. Be3
Rc8 9. Na3 a6 10. Be2 Be7 11. O-O O-O 12. Qd2 h6 13. Rfd1 Ne8 14. Rac1 Kh8 15.
Na1 Bg5 16. N1c2 Qb6 17. Bxb6 Bxd2 18. Rxd2 Nxb6 19. Ne3 Rc6 20. Nac2 a5 21.
Na3 Nf6 22. Rcd1 Rd8 23. Nb5 Ne8 24. b3 Kg8 25. Nf5 Bxf5 26. exf5 Kf8 27. f4
exf4 28. Bf3 d5 29. Bxd5 Nxd5 30. Rxd5 Ra8 31. Rd7 Rb8 32. Rf1 Nf6 33. Rd3 Nh5
34. Rh3 g6 35. fxg6 fxg6 36. g4 Nf6 37. Rxf4 Kg7 38. Re3 g5 39. Rd4 Rf8 40. h3
Kg6 41. Kg2 h5 42. Kg3 hxg4 43. hxg4 Rh8 44. Re1 Rh4 45. Nc3 Rc8 46. Nd1 b5 47.
cxb5 Rc2 48. a4 Kf7 49. Nf2 Nh5+ 50. Kf3 Nf4 51. Rd7+ Kg6 52. Red1 Rc3+ 53. Ke4
Kf6 54. R7d6+ Ne6 55. R1d3 Rc2 56. Ke3 Ke7 57. Rd7+ Ke8 58. Rd2 Rc3+ 59. R7d3
Rc5 60. Rd5 Rc3+ 61. R2d3 Rc2 62. b6 Nf4 63. b7 Re2+ 64. Kd4 Ne6+ 65. Kc3 1-0

[Event "Olomouc Chess Summer 2013 - Open Olomou"]
[Site "?"]
[Date "2013.08.03"]
[Round "3.13"]
[White "Hjelmaas, Lars"]
[Black "Houzva, Viktor"]
[Result "1-0"]
[WhiteElo "2270"]
[BlackElo "2022"]
[PlyCount "53"]
[EventDate "2013.??.??"]

1. d4 Nf6 2. c4 g6 3. Nc3 Bg7 4. e4 d6 5. f4 c5 6. d5 O-O 7. Nf3 e6 8. Be2 exd5
9. cxd5 a6 10. O-O b5 11. e5 Ne8 12. h3 Nd7 13. e6 fxe6 14. dxe6 Ndf6 15. Ng5
Qe7 16. f5 gxf5 17. Bh5 Bb7 18. Bf7+ Kh8 19. Rxf5 d5 20. Bf4 d4 21. Ne2 Be4 22.
Ng3 Qb7 23. N3xe4 Nxe4 24. Nxh7 N8d6 25. Qh5 Nxf5 26. Nxf8+ Bh6 27. Qxh6+ 1-0

[Event "Olomouc Chess Summer 2013 - Open Olomou"]
[Site "?"]
[Date "2013.08.03"]
[Round "3.14"]
[White "Sergienko, Sergey"]
[Black "Blahynka, Martin"]
[Result "1-0"]
[WhiteElo "2379"]
[BlackElo "2166"]
[PlyCount "45"]
[EventDate "2013.??.??"]

1. e4 e5 2. Nf3 Nc6 3. Bb5 a6 4. Ba4 Nge7 5. c3 g6 6. d4 exd4 7. cxd4 b5 8. Bb3
d6 9. Ng5 d5 10. exd5 Nxd5 11. O-O Be6 12. Re1 Qd7 13. Bxd5 Qxd5 14. Nc3 Qxd4
15. Qf3 Qd7 16. Nd5 O-O-O 17. Nf6 Qd6 18. Bf4 Qc5 19. Rac1 Bc4 20. b3 Be7 21.
bxc4 Bxf6 22. cxb5 Qd5 23. Rxc6 1-0

[Event "Olomouc Chess Summer 2013 - Open Olomou"]
[Site "?"]
[Date "2013.08.03"]
[Round "3.16"]
[White "Matousek, Petr"]
[Black "Vrana, Jan"]
[Result "0-1"]
[WhiteElo "2114"]
[BlackElo "2356"]
[PlyCount "70"]
[EventDate "2013.??.??"]

1. e4 e5 2. Nf3 Nc6 3. Bc4 Bc5 4. O-O Nf6 5. d4 Bxd4 6. Nxd4 Nxd4 7. f4 d6 8.
fxe5 dxe5 9. Bg5 Be6 10. Na3 Qe7 11. Kh1 O-O-O 12. Bd3 h6 13. Bxf6 gxf6 14. c3
Nc6 15. Qf3 Rhg8 16. Bb5 f5 17. Bxc6 bxc6 18. Qe3 Qg5 19. Qxg5 Rxg5 20. exf5
Rxf5 21. Rxf5 Bxf5 22. Nc4 f6 23. h3 Be6 24. Ne3 f5 25. Rf1 f4 26. Ng4 Bxg4 27.
hxg4 Kd7 28. g3 fxg3 29. Kg2 Rg8 30. Kh3 Ke6 31. Rg1 e4 32. Rxg3 Ke5 33. Rg2 e3
34. Kg3 Ke4 35. Rh2 Kd3 0-1

[Event "Olomouc Chess Summer 2013 - Open Olomou"]
[Site "?"]
[Date "2013.08.03"]
[Round "3.18"]
[White "Gunajew, Rafal"]
[Black "Karhanek, Pavel"]
[Result "1/2-1/2"]
[WhiteElo "2310"]
[BlackElo "2105"]
[PlyCount "32"]
[EventDate "2013.??.??"]

1. e4 Nf6 2. e5 Nd5 3. d4 d6 4. c4 Nb6 5. exd6 exd6 6. Nc3 Be7 7. h3 O-O 8. Nf3
Bf6 9. Be2 Be6 10. b3 d5 11. c5 N6d7 12. Bb2 Nc6 13. O-O Re8 14. a3 Nf8 15. b4
Ng6 16. Bc1 Nh4 1/2-1/2

[Event "Olomouc Chess Summer 2013 - Open Olomou"]
[Site "?"]
[Date "2013.08.03"]
[Round "3.19"]
[White "Furman, Boris"]
[Black "Musaev, Rasul"]
[Result "1/2-1/2"]
[WhiteElo "2164"]
[BlackElo "2301"]
[PlyCount "35"]
[EventDate "2013.??.??"]

1. d4 Nf6 2. c4 g6 3. Nc3 Bg7 4. Nf3 O-O 5. Bg5 h6 6. Bh4 d6 7. e3 Bf5 8. Bd3
Qc8 9. Bxf6 Bxf6 10. Nd5 Bxd3 11. Nxf6+ exf6 12. Qxd3 Re8 13. O-O f5 14. Rfe1
Nd7 15. e4 fxe4 16. Rxe4 Rxe4 17. Qxe4 Nf6 18. Qf4 1/2-1/2

[Event "Olomouc Chess Summer 2013 - Open Olomou"]
[Site "?"]
[Date "2013.08.03"]
[Round "3.20"]
[White "Vacek, Radomir"]
[Black "Beil, Zdenek"]
[Result "1/2-1/2"]
[WhiteElo "2088"]
[BlackElo "2238"]
[PlyCount "67"]
[EventDate "2013.??.??"]

1. d4 d5 2. c4 c6 3. Nf3 Nf6 4. Nc3 dxc4 5. a4 Bf5 6. e3 e6 7. Bxc4 Bb4 8. O-O
Nbd7 9. Qe2 Bg6 10. Bd2 O-O 11. Rfd1 Qe7 12. Be1 e5 13. dxe5 Nxe5 14. Nxe5 Qxe5
15. Rd4 Bc5 16. Rh4 Rfe8 17. Qf3 Rad8 18. Qg3 Qe7 19. Qg5 Nd7 20. Qxe7 Rxe7 21.
Rd1 Rde8 22. a5 Ne5 23. Be2 Rd7 24. Rxd7 Nxd7 25. b4 Bf8 26. Rd4 Nf6 27. Bf3 c5
28. bxc5 Bxc5 29. Rc4 b6 30. Na4 Bd3 31. Rc3 Bb4 32. Rxd3 Bxe1 33. axb6 axb6
34. Nxb6 1/2-1/2

[Event "Olomouc Chess Summer 2013 - Open senior"]
[Site "Olomouc (CZE), Hotel Flora"]
[Date "2013.08.03"]
[Round "4.1"]
[White "Golcman, Evgeny"]
[Black "Lacha, Jan"]
[Result "1-0"]
[WhiteElo "2264"]
[BlackElo "1851"]
[PlyCount "101"]
[EventDate "2013.07.31"]

1. c4 Nf6 2. Nc3 d5 3. d4 dxc4 4. e4 e5 5. d5 b5 6. Nxb5 Nxe4 7. Qa4 c6 8. Qxc4
Qa5+ 9. Nc3 Nxc3 10. Bd2 Ba6 11. Qxc3 Qxc3 12. Bxc3 Bxf1 13. Kxf1 cxd5 14. Bxe5
Nc6 15. Re1 O-O-O 16. Nf3 f6 17. Bd4 Bd6 18. g4 Nxd4 19. Nxd4 Rhe8 20. Kg2 Re4
21. Rxe4 dxe4 22. Ne6 Rd7 23. Rc1+ Kb8 24. Rc4 Be5 25. Rxe4 Bxb2 26. Kf3 Bc1
27. Rb4+ Ka8 28. Rc4 Ba3 29. Rc3 Bb4 30. Rb3 Ba5 31. a4 Bb6 32. Rb5 Rd3+ 33.
Ke4 Rc3 34. Rb4 g6 35. f4 Rh3 36. Rb5 Rc3 37. Rb4 Rh3 38. Nf8 Rxh2 39. Nd7 Re2+
40. Kd5 Rd2+ 41. Ke6 Bc7 42. Nxf6 Rf2 43. Nd5 Rc2 44. f5 gxf5 45. gxf5 Re2+ 46.
Kd7 Be5 47. f6 a5 48. Rb5 h5 49. f7 Bg7 50. Nc7+ Ka7 51. Kc8 1-0

[Event "Olomouc Chess Summer 2013 - Open senior"]
[Site "Olomouc (CZE), Hotel Flora"]
[Date "2013.08.03"]
[Round "4.2"]
[White "Zoltek, Tadeusz"]
[Black "Vorobyov, Yrij"]
[Result "0-1"]
[WhiteElo "2165"]
[BlackElo "2238"]
[PlyCount "120"]
[EventDate "2013.07.31"]

1. Nf3 c5 2. c4 Nf6 3. Nc3 d5 4. cxd5 Nxd5 5. g3 Nc6 6. Bg2 Nc7 7. O-O e5 8. a3
f6 9. d3 Be6 10. Ne1 Qd7 11. Qa4 Nd5 12. Nxd5 Bxd5 13. Nf3 Be7 14. Be3 a6 15.
Rfc1 b5 16. Qd1 Nd4 17. Bxd4 exd4 18. Nd2 Bxg2 19. Kxg2 O-O 20. Kg1 f5 21. Qf1
Rf6 22. Qg2 Re8 23. Nb3 Rc8 24. Nd2 Re6 25. Qf3 Re5 26. b3 Qe6 27. Kf1 Bg5 28.
Rc2 Bxd2 29. Rxd2 Qxb3 30. Qb7 Qe6 31. a4 b4 32. a5 Qc6 33. Qxc6 Rxc6 34. Rc1
Re7 35. Rdc2 Rec7 36. e3 dxe3 37. fxe3 Kf7 38. Rc4 Ke6 39. d4 Kd5 40. dxc5 Rxc5
41. Rd4+ Ke5 42. Rxc5+ Rxc5 43. Rxb4 Rxa5 44. Kg2 Ra2+ 45. Kf3 g5 46. g4 Rxh2
47. gxf5 Rh3+ 48. Kf2 Kxf5 49. Rb6 a5 50. Ra6 Kg4 51. Rxa5 Rh2+ 52. Kg1 Re2 53.
Re5 h5 54. Kf1 Ra2 55. Kg1 h4 56. Kh1 h3 57. e4 Kh4 58. Rf5 g4 59. Rf4 h2 60.
e5 Kh3 0-1

[Event "Olomouc Chess Summer 2013 - Open senior"]
[Site "Olomouc (CZE), Hotel Flora"]
[Date "2013.08.03"]
[Round "4.3"]
[White "Pokora, Lubomir"]
[Black "Komysheva, Margarita"]
[Result "1/2-1/2"]
[WhiteElo "1879"]
[BlackElo "2050"]
[PlyCount "55"]
[EventDate "2013.07.31"]

1. d4 c5 2. e3 g6 3. Nf3 Bg7 4. Be2 Nf6 5. O-O b6 6. c4 O-O 7. Nc3 d6 8. h3 Nc6
9. d5 Na5 10. e4 Ne8 11. Bf4 h6 12. Rc1 a6 13. b3 Bd7 14. Bd3 Rb8 15. Qd2 Kh7
16. e5 Bf5 17. Bxf5 gxf5 18. Qd3 e6 19. Rfe1 dxe5 20. Bxe5 Rb7 21. Bg3 Qd7 22.
Rcd1 b5 23. cxb5 axb5 24. dxe6 Qxd3 25. Rxd3 fxe6 26. Be5 c4 27. bxc4 Nxc4 28.
Bxg7 1/2-1/2